[Event "ECU-ch Schools U15 Clas2"]
[Site "Chess.com INT"]
[Date "2020.11.07"]
[Round "3"]
[White "Gonzalez Loaiza, Roberth Alberto"]
[Black "Lainez Reyes, Isaac William"]
[Result "1-0"]
[WhiteElo "1587"]
[BlackElo "1451"]
[PlyCount "57"]
[EventDate "2020.11.07"]
[EventType "swiss"]
[EventRounds "9"]
[EventCountry "ECU"]
[SourceTitle "EXT 2022"]
[Source "ChessBase"]
[SourceDate "2021.10.06"]
[SourceVersion "1"]
[SourceVersionDate "2021.10.06"]
[SourceQuality "1"]

1. d4 Nf6 2. c4 g6 3. Nc3 d5 4. e3 Bg7 5. Nf3 0-0 6. Be2 b6 7. 0-0 Bb7 8. b3 c5 9. Bb2 cxd4 10. Nxd4 dxc4 11. Bxc4 Nc6 12. Nce2 Na5 13. Bd3 Qd5 14. Nf4 Qd7 15. Bb5 Qg4 16. Be2 Qd7 17. Nf3 Qxd1 18. Rfxd1 Rfd8 19. Rac1 Rac8 20. Rxd8+ Rxd8 21. Rc7 Bxf3 22. gxf3 Rd2 23. Bc3 Rxa2 24. Rxa7 Nh5 25. Ra8+ Bf8 26. Nd5 Nf6 27. Nxe7+ Kg7 28. Nd5 Rxe2 29. Nxf6 1-0

[Event "ECU-ch Schools U15 Clas2"]
[Site "Chess.com INT"]
[Date "2020.11.07"]
[Round "7"]
[White "Lainez Reyes, Isaac William"]
[Black "Ulloa Centeno, Luis Manuel"]
[Result "0-1"]
[WhiteElo "1451"]
[BlackElo "1180"]
[PlyCount "74"]
[EventDate "2020.11.07"]
[EventType "swiss"]
[EventRounds "9"]
[EventCountry "ECU"]
[SourceTitle "EXT 2022"]
[Source "ChessBase"]
[SourceDate "2021.10.06"]
[SourceVersion "1"]
[SourceVersionDate "2021.10.06"]
[SourceQuality "1"]

1. c4 f5 2. Nc3 Nf6 3. g3 e6 4. Bg2 c6 5. d4 d5 6. b3 Be7 7. e3 0-0 8. Nge2 Bd7 9. 0-0 Be8 10. a4 Nbd7 11. Nf4 Bf7 12. Ba3 Ne4 13. Nxe4 fxe4 14. c5 e5 15. Ne2 exd4 16. Nxd4 Bf6 17. b4 Ne5 18. b5 Qc7 19. b6 Qd7 20. Bb4 a5 21. Bc3 Nc4 22. Ne2 Bxc3 23. Nxc3 Rad8 24. Ne2 Qe6 25. Qc2 Bg6 26. Qc3 Qf6 27. Qc2 Qe7 28. Rad1 Qxc5 29. Nf4 Rd6 30. Nxg6 Rxg6 31. Rb1 Qd6 32. Rfd1 Na3 33. Qb2 Nxb1 34. Qxb1 Rgf6 35. Bxe4 h6 36. Bg2 Rxf2 37. Qd3 Qe5 0-1

[Event "ECU-ch Schools U15 Clas1"]
[Site "Chess.com INT"]
[Date "2020.11.05"]
[Round "9"]
[White "Lainez Reyes, Isaac William"]
[Black "Murillo Coloma, Sergio Andres"]
[Result "0-1"]
[WhiteElo "1451"]
[BlackElo "1431"]
[PlyCount "114"]
[EventDate "2020.11.05"]
[EventType "swiss"]
[EventRounds "9"]
[EventCountry "ECU"]
[SourceTitle "EXT 2022"]
[Source "ChessBase"]
[SourceDate "2021.10.06"]
[SourceVersion "1"]
[SourceVersionDate "2021.10.06"]
[SourceQuality "1"]

1. c4 e6 2. Nc3 Nf6 3. d4 d5 4. cxd5 exd5 5. Nf3 Bb4 6. Bd2 0-0 7. a3 Bxc3 8. Bxc3 c6 9. g3 Bg4 10. Bg2 Nbd7 11. 0-0 Qc7 12. Qd3 Ne4 13. Rab1 Rfe8 14. Rfe1 Ndf6 15. Bd2 Nxd2 16. Qxd2 Ne4 17. Qc2 Bh5 18. Ne5 Bg6 19. Nxg6 hxg6 20. b4 Qb6 21. e3 Nd6 22. Bf1 Qd8 23. a4 Qf6 24. b5 Rac8 25. Qe2 Ne4 26. Rb3 cxb5 27. axb5 Rc7 28. Bg2 Rec8 29. Bxe4 dxe4 30. Rb2 Qf5 31. Rd1 Qf3 32. d5 Rc1 33. Qxf3 exf3 34. Rbd2 Rxd1+ 35. Rxd1 Kf8 36. d6 Rd8 37. h4 Ke8 38. g4 Kd7 39. Kh2 Rc8 40. Kg3 Rc5 41. Kxf3 Rxb5 42. e4 a5 43. Kf4 a4 44. e5 a3 45. Ra1 Ra5 46. Ke4 b5 47. Kd4 b4 48. Kc4 Rxe5 49. Kxb4 Kxd6 50. Rxa3 Re4+ 51. Kb5 Rxg4 52. Ra6+ Ke7 53. Ra7+ Kf6 54. Ra6+ Kf5 55. Ra7 f6 56. Rxg7 Rxh4 57. Kc5 Rf4 0-1

[Event "ECU-ch Schools U15 Clas1"]
[Site "Chess.com INT"]
[Date "2020.11.05"]
[Round "2"]
[White "Lainez Reyes, Isaac William"]
[Black "Obaco Cuenca, Dalthon Farid"]
[Result "0-1"]
[WhiteElo "1451"]
[BlackElo "1309"]
[PlyCount "88"]
[EventDate "2020.11.05"]
[EventType "swiss"]
[EventRounds "9"]
[EventCountry "ECU"]
[SourceTitle "EXT 2022"]
[Source "ChessBase"]
[SourceDate "2021.10.06"]
[SourceVersion "1"]
[SourceVersionDate "2021.10.06"]
[SourceQuality "1"]

1. c4 Nf6 2. Nc3 e6 3. e4 d5 4. cxd5 exd5 5. exd5 Nxd5 6. d4 Bb4 7. Nge2 0-0 8. a3 Ba5 9. b4 Bb6 10. Nxd5 Qxd5 11. Be3 Nc6 12. Nf4 Qe4 13. Qd3 Qxd3 14. Bxd3 Nxd4 15. 0-0 Nb3 16. Rab1 Bxe3 17. fxe3 Nd2 18. Rbc1 Nxf1 19. Kxf1 c6 20. Rc5 Be6 21. Rh5 g6 22. Re5 Rad8 23. h4 Rfe8 24. Bc2 Bg4 25. Rg5 h5 26. Nxg6 fxg6 27. Rxg6+ Kf7 28. Rg5 Rd2 29. Bg6+ Kf8 30. Bxe8 Kxe8 31. Rg8+ Kf7 32. Rc8 Rd3 33. Rc7+ Rd7 34. Rxd7+ Bxd7 35. Ke2 Kf6 36. Kf3 Bg4+ 37. Kf4 b6 38. g3 Ke6 39. e4 c5 40. bxc5 bxc5 41. Ke3 Ke5 42. a4 a5 43. Kd3 Be6 44. Ke3 Bb3 0-1

[Event "ECU-ch Schools U15 Clas1"]
[Site "Chess.com INT"]
[Date "2020.11.05"]
[Round "8"]
[White "Lainez Reyes, Isaac William"]
[Black "Zhindon Minchala, Cristopher Damian"]
[Result "1-0"]
[WhiteElo "1451"]
[BlackElo "190"]
[PlyCount "137"]
[EventDate "2020.11.05"]
[EventType "swiss"]
[EventRounds "9"]
[EventCountry "ECU"]
[SourceTitle "EXT 2022"]
[Source "ChessBase"]
[SourceDate "2021.10.06"]
[SourceVersion "1"]
[SourceVersionDate "2021.10.06"]
[SourceQuality "1"]

1. c4 e5 2. Nc3 Bb4 3. Nd5 Ba5 4. b4 c6 5. bxa5 cxd5 6. cxd5 Qxa5 7. e4 Nf6 8. Bd3 d6 9. Nf3 Bg4 10. h3 Bxf3 11. Qxf3 Nbd7 12. 0-0 0-0 13. Qe3 a6 14. Bb2 b6 15. Bc3 Qc5 16. Rfb1 Qxe3 17. dxe3 Rac8 18. Bd2 b5 19. f3 Nc5 20. Be2 h6 21. Bb4 Rfd8 22. Bxc5 Rxc5 23. a4 bxa4 24. Rxa4 Ra8 25. Rb6 Rc2 26. Kf2 Nd7 27. Rxd6 Nc5 28. Ra3 a5 29. Rc6 a4 30. Rb6 g5 31. d6 f6 32. Rb5 Kf7 33. g4 Ke6 34. Rb6 Ra7 35. Ke1 Rc1+ 36. Kd2 Nb3+ 37. Kd3 Ra1 38. Rxa1 Nxa1 39. Kc3 a3 40. Bc4+ Kd7 41. Rb1 Nc2 42. Kxc2 a2 43. Ra1 Kxd6 44. Rxa2 Rc7 45. Kd3 Kc5 46. Rc2 Kb4 47. Bd5 Rxc2 48. Kxc2 Kc5 49. Kc3 Kd6 50. Kc4 Ke7 51. Kc5 Kf8 52. Kd6 Kg7 53. Ke6 Kg6 54. Ke7 Kg7 55. Be6 Kg6 56. Bf5+ Kg7 57. Ke6 h5 58. gxh5 Kh6 59. Kxf6 Kxh5 60. Kxe5 Kh4 61. Kd5 Kg3 62. e5 Kxf3 63. e6 Kxe3 64. e7 Kf4 65. e8Q Kxf5 66. Qe6+ Kf4 67. Qg4+ Ke3 68. Ke5 Kf2 69. Ke4 1-0